000
00374nam a2200181Ia 4500
100
_a
Jackson/John David
650
_a
electrodynamics
250
_a
3
942
_c
BK
366
_f
27
654
_a
electrodynamics
245
_a
Classical electrodynamics
260
_b
Wiley
_c
1999
082
_b
JAC
300
_a
808
546
_a
ENGLISH
_c
Info.Tech
999
_c
29869
_d
29869